000 00339nam a2200133Ia 4500
005 20260328104339.0
008 260328s9999||||xx |||||||||||||| ||und||
100 _aChatani, Masahiro
245 0 _aPattern Sheets of ORIGAMIC Architecture /
_cMasahiro Chatani
260 _bShokokusha
300 _a85 p.
650 _aJAPÓN
942 _cBK
999 _c12025
_d12025